000 01088 a2200301 4500
999 _c4755
_d4755
020 _a9781849205528 (hbk.)
020 _a1849205515 (hbk.)
020 _a9781849205511 (pbk.)
020 _a1849205515 (pbk.)
020 _a9781849205528
020 _a1849205523
050 0 0 _aRC489 CBT 2012
245 0 4 _aThe CBT Handbook /
_cedited by Windy Dryden and Rhena Branch.
264 _aLos Angeles :
_bSage,
_c2012
300 _axiv, 498 p. :
_bill. ;
500 _aIncludes index
504 _aIncludes bibliographical references
650 0 _aCognitive therapy.
650 1 2 _aCognitive Therapy
_xmethods.
650 2 2 _aMental Disorders
_xtherapy.
650 0 7 _aKognitive Verhaltenstherapie.
700 1 _aBranch, Rhena.
_eeditor
700 1 _aDryden, Windy.
_eeditor
856 4 1 _3Inhaltsverzeichnis
_uhttp://bvbr.bib-bvb.de:8991/F?func=service&doc_library=BVB01&doc_number=024751662&line_number=0001&func_code=DB_RECORDS&service_type=MEDIA
942 _2lcc
_cBK
_h489
_iCBT
_kRC